2000 Solved Problems in Mechanical Engineering Thermodynamics /

Guardado en:
Detalles Bibliográficos
Autor principal: Liley, Peter E (Autor)
Formato: Libro
Lenguaje:inglés
Publicado: New York : McGraw-Hill, 1989
Colección:Schaum's Solved Problems Series
Etiquetas: Agregar Etiqueta
Sin Etiquetas, Sea el primero en etiquetar este registro!

MARC

LEADER 00000nam a22000003a 4500
001 stu21858
005 20150617225749.2
008 931117s1989----xxu-----------------eng-d
020 |a 0-07-037863-0 
040 |a STU  |b slo 
041 0 |a eng 
044 |a xxu 
080 |a 536.7  |7 A000000260 
100 1 |a Liley, Peter E  |4 aut 
245 1 |a 2000 Solved Problems in Mechanical Engineering Thermodynamics /  |c [aut.]Liley,Peter E 
260 |a New York :  |b McGraw-Hill,  |c 1989 
300 |a 406 s 
830 0 |a Schaum's Solved Problems Series 
996 |b C92143  |c C*92143  |l CCXVIII  |s P  |a 0  |w stu21858_0001